• 首页
  • 本馆介绍
  • 公告通知
  • 最新文献
  • 馆藏检索
  • 电子资源
  • 读者导购
  • 参考咨询
  • 我的图书馆
  • 登录
  • 详细信息显示
  • 放入我的书架
  • 预约/预借图书
  • 作者相关作品
  • 分类相关作品
  • 丛书相关作品
  • 出版社相关作品

书目信息

  • 表格格式
  • 工作单格式
  • 卡片格式
题名:
物理学科新进展
    
 
作者: 徐在新 , 缪克威 编著
分册:  
出版信息: 北京   中国科学技术出版社  1991.4
页数: 339页
开本: 20cm
丛书名:
单 册:
中图分类: O4-11
科图分类:
主题词: 物理学--现状 , 物理学--概况
电子资源:
ISBN:
000 00619nam0 2200217 45
001 0312221749
005 20031222171113.4
010    @dCNY9.25
100    @a20031222d1991 km y0chiy0120 ea
101    @achi
105    @a z 000yy
200 1  @a物理学科新进展@AWu Li Xue Ke Xin Jin Zhan@f徐在新,缪克威编著@FXu Zai Xin,Miao Ke Wei Bian Zhu
210    @a北京@c中国科学技术出版社@d1991.4
215    @a339页@d20cm
606 0  @a物理学@x现状
606 0  @a物理学@x概况
690    @aO4-11@v3
701 0  @a徐在新@4编著
701 0  @a缪克威@4编著
801    @aCN@bTSTCL@c20031222
905    @a213230@dO4-11@e235@b245573-576@f4
    
    物理学科新进展/徐在新,缪克威编著.-北京:中国科学技术出版社,1991.4
    339页;20cm
    
    
    ISBN :CNY9.25
    
●
相关链接 在E读中查询图书 在五车中查询图书 在当当中查询图书 在豆瓣中查询图书


正题名:物理学科新进展     索取号:O4-11/235         预约/预借

序号 登录号 条形码 馆藏地/架位号 状态 备注
1 0245577   202098238   第二样本阅览室/ [索取号:O4-11/235] 在馆    
唐山师范学院图书馆 欢迎您!
大连网信软件有限公司© 版权所有